| 000 | 00755nam a22002057a 4500 | ||
|---|---|---|---|
| 999 |
_c15258 _d15258 |
||
| 003 | OSt | ||
| 082 | _2631.587 JYO/PE | ||
| 088 | _aP 53 | ||
| 100 |
_aJYOTHY PADMAKUMAR _93765 |
||
| 245 | _aPerformance study of centrifugal pump using different foot - valves and pipes | ||
| 260 |
_aTavanur 1996 _bDepartment of Irrigation and Drainage Engineering |
||
| 300 | _a85 | ||
| 500 | _aPerformance study of centrifugal pump using different foot - valves and pipes | ||
| 520 | _aPerformance study of centrifugal pump using different foot - valves and pipes | ||
| 700 |
_aKailas K. P _93766 |
||
| 700 |
_aLitha S _93767 |
||
| 700 |
_aEr. Suseela P (Guide) _93768 |
||
| 856 | _uhttps://drive.google.com/open?id=1vT2I_cqJiitWtogSZxsk_PItuRmlEOlB | ||
| 942 | _cPR | ||